000
00408nam a2200145Ia 4500
008
100204s9999 xx 000 0 und d
082
_b
16281
100
_a
मंत्री रमेश
245
_a
धूळफेक
260
_b
"मेनका प्रकाशन , पुणे"
_c
1987
300
_a
180
630
_a
धूळफेक
730
_a
धूळफेक
942
_c
BOOK
999
_c
460704
_d
460701